=LDR 00000nam 2200000 4500 =001 INLIS000000000005719 =005 20130612093930 =008 ***********************************Ind** =035 ##$$0010-061300000005719 =041 ##$$a Ind =082 ##$$a 153.93 =090 ##$$a 153.93, Ser t =100 ##$$a Serebriakoff, Victor =245 ##$$a Tes IQ, Bagaimana intelegensi anda?, Victor Serebriakoff =260 ##$$a 1997 $b Semarang =300 ##$$a 124 hl., Ilus., 21 cm =650 ##$$a Intelegensi - Tes IQ =850 ##$$a NBPNMAT